000 00827nam a2200217Ii 4500
003 JO-AjNU
008 230605s9999||||xx |||||||||||||| ||und||
017 _a2014/6/2954
020 _a978-9957-568-56-6
040 _aJO-AjNU
_bara
_erda
_cJO-AjNU
041 _aara
050 1 4 _aPJ7542 2014
100 3 _aتأليف إدريس، عبدالله حسن,
_eauthor
_948600
245 0 0 _aالبؤر والشظايا في شعر نادر هدى (...تفاصيل لم تكتمل...) : دراسة فنية في جماليات تلقي النص
264 3 1 _aعمان:دار البيروني للنشر والتوزيع،2014
300 _a218ص
336 _atext
_btxt
_2rdacontent
337 _aunmediated
_bn
_2rdamedia
338 _avolume
_bnc
_2rdacarrier
650 4 _aالشعر العربي - تفسير ونقد
_948601
999 _aA21295
_c24863
_d24863